Currículum nacional : desafÌos múltiples /

El artículo explora distintos desafíos que se enfrentan en el ámbito curricular, a saber: construir una definición curricular nacional más acotada y centrada en lo fundamental; fortalecer la presencia y las orientaciones del currículum para desarrollar aprendizajes referidos a la formación ciudadana...

Full description

Bibliographic Details
Main Author: Gysling, Jacqueline
Format: Analitica de revista
Language:Spanish
Published: Santiago, Chile Pontificia Universidad Católica de Chile 2007
Subjects:

MARC

LEADER 00000cab a2200000 a 4500
001 036323
003 UAHC_CL
005 20170803123958.0
008 160815s2007 cl f 000 spa
040 |a UAHC_CL  |c UAHC_CL  |d UAHC_CL 
100 1 |a Gysling, Jacqueline 
245 1 0 |a Currículum nacional :  |b desafÌos múltiples /  |c Jacqueline Gysling. 
260 |b Pontificia Universidad Católica de Chile  |c 2007  |a Santiago, Chile 
300 |a p. 335-350. 
500 |a En: Pensamiento educativo, nû40, 2007. pp. 335-350.ISSN 07171013. 
500 |a En: Pensamiento educativo, n°40, 2007. pp. 335-350.ISSN 07171013. 
500 |a En: Pensamiento educativo, nû40, 2007. pp. 335-350.ISSN 07171013. 
500 |a En: Pensamiento educativo, nç40, 2007. pp. 335-350.ISSN 07171013. 
520 |a El artículo explora distintos desafíos que se enfrentan en el ámbito curricular, a saber: construir una definición curricular nacional más acotada y centrada en lo fundamental; fortalecer la presencia y las orientaciones del currículum para desarrollar aprendizajes referidos a la formación ciudadana y en temas y valores transversales; realizar definiciones curriculares que respondan a requerimientos de poblaciones específicas; modernizar la definición curricular centrándola mayormente en aprendizajes y menos en contenidos; mejorar la articulación curricular entre ciclos y niveles del sistema; generar un mecanismo periódico y conocido de actualización curricular; apoyar el desarrollo de capacidades locales de adecuación curricular. El artículo sostiene que para abordar adecuadamente estos desafíos, se requiere generar una institucionalidad que instale una práctica regular de desarrollo del currículum nacional. 
520 |a El artículo explora distintos desafíos que se enfrentan en el ámbito curricular, a saber: construir una definición curricular nacional más acotada y centrada en lo fundamental; fortalecer la presencia y las orientaciones del currículum para desarrollar aprendizajes referidos a la formación ciudadana y en temas y valores transversales; realizar definiciones curriculares que respondan a requerimientos de poblaciones específicas; modernizar la definición curricular centrándola mayormente en aprendizajes y menos en contenidos; mejorar la articulación curricular entre ciclos y niveles del sistema; generar un mecanismo periódico y conocido de actualización curricular; apoyar el desarrollo de capacidades locales de adecuación curricular. El artículo sostiene que para abordar adecuadamente estos desafíos, se requiere generar una institucionalidad que instale una práctica regular de desarrollo del currículum nacional. 
650 4 |a CALIDAD DE LA EDUCACION 
650 4 |a CURRICULUM  |z CHILE 
650 4 |a POLITICA EDUCATIVA 
759 |a PP160 
773 0 |t Revista PRELAC  |w 041234 
900 |a PENSAMIENTO EDUCATIVO-40/07 
942 |c REVA 
952 |0 0  |1 0  |4 0  |6 PENSAMIENTO_EDUCATIVO40_07_000000000000000  |7 0  |8 General  |9 69044  |a BC  |b BC  |c General  |d 2017-08-03  |l 0  |o PENSAMIENTO EDUCATIVO-40/07  |p FICTICIO17415  |r 2019-01-08 00:00:00  |t 1  |w 2017-08-03  |y REVA 
999 |c 36323  |d 36323